Представление документа в формате MARC21

Поле Инд. ПП Название Значение
Тип записи a
Библиографический уровень m
001 Контрольный номер b00748878271411bbe87d08427698dc1
005 Дата корректировки 20211229094648.7
008 Кодируемые данные 211222|||||||||ru |||||||||||||||||rus||
020 a ISBN 978-985-524-335-0
041 0_ a Код языка текста rus
084 a Индекс другой классификации/Индекс ББК 68.53-1
090 a Полочн. индекс 68.53-1
x Авторский знак Д 18
100 1_ a Автор Данилевич В.
203 a Вид содержания Текст
c Тип средства непосредственное
245 10 a Заглавие Родина - Брест
260 a Место издания Брест
b Издательство Брестская типография
c Дата издания 2020
300 a Объем 240 с.
b Иллюстрации/ тип воспроизводства портр.
520 0_ a Аннотация Еще раз про учения на Тоцком полигоне с применением атомного оружия. О собственном прикосновении к истории Подводного флота России, медиках, юристах и велосипедистах нашего города
650 04 a Основная рубрика Военно-морской флот России-История, 20 в.-Персоналии
651 _4 a Географическое наименование Брест, город
653 0_ a Ключевые слова Военно-морской флот
a Ключевые слова История флота
a Ключевые слова Подводные лодки
a Ключевые слова Флот
900 a Имя макрообъекта Данилевич В. Родина - Брест
901 t Тип документа m